Types of Geographical Features #4 - Statistics

General Stats
  • This quiz has been taken 19 times
  • The average score is 5 of 20
Answer Stats
Hint Answer % Correct
Ring-shaped coral island Atoll
95%
Very small island Islet
79%
Ridge of jagged rock, coral, or sand in the water Reef
63%
Natural water emergence from ground Spring
63%
Name for valley commonly used in Ireland and Scotland Glen
32%
Deposited glacial debris Moraine
26%
Small mountain lake Tarn
26%
Small stream in Scotland Burn
21%
Low area surrounded by higher land Basin
16%
Broad valley Dale
16%
Narrow piece of land that juts out from the coast into the sea Headland
16%
Compact group of connected mountains Massif
16%
Land connecting two high points Saddle
11%
Step-like landform Terrace
11%
Shingle beaches in Orkney and Shetland Ayre
0%
Narrow inlet on the Mediterranean coast Calanque
0%
Large, flat-bottomed depression found in karst landscapes, typically surrounded by steep cliffs Polje
0%
High point of land or rock projecting into the sea Promontory
0%
Shallow, submerged bank Shoal
0%
Flat-topped, steep-sided volcano Tuya
0%
No matching quizzes found
Score Distribution
Percent of People with Each Score
Percentile by Number Answered
Your Score History
You have not taken this quiz